000 00922cam a2200265 a 4500
001 1128288
005 20260423181117.0
008 950222s1995 maua 001 0 eng
020 _a031211804X
050 0 0 _aPE1408
_b.K6615 1995
082 0 0 _a808/.0427
_220
100 1 _aKiniry, Malcolm.
245 1 0 _aCritical strategies
_bfor academic thinking and writing /
_cMalcolm Kiniry, Mike Rose.
250 _aCompact 2nd ed.
260 _aBoston :
_bBedford Books of St. Martin's Press,
_cc1995.
300 _axxvi, 432 p. :
_bill. ;
_c24 cm.
500 _aRev. ed. of: Critical strategies for academic writing. c1990.
650 0 _aEnglish language
_xRhetoric.
650 0 _aAcademic writing.
650 0 _aCritical thinking.
650 0 _aCollege readers.
700 1 _aRose, Mike
_q(Michael Anthony)
700 1 _aKiniry, Malcolm.
_tCritical strategies for academic writing.
942 _2lcc
_cBK
_eCompact 2nd Ed.
_n0
999 _c9601
_d9601